<?xml version="1.0" encoding="UTF-8"?>
<record
    xmlns:xsi="http://www.w3.org/2001/XMLSchema-instance"
    xsi:schemaLocation="http://www.loc.gov/MARC21/slim http://www.loc.gov/standards/marcxml/schema/MARC21slim.xsd"
    xmlns="http://www.loc.gov/MARC21/slim">

  <leader>00465nam a22001577a 4500</leader>
  <controlfield tag="008">210415b        xxu||||| |||| 00| 0 eng d</controlfield>
  <datafield tag="020" ind1=" " ind2=" ">
    <subfield code="a">1259255182</subfield>
  </datafield>
  <datafield tag="050" ind1=" " ind2=" ">
    <subfield code="a">QR46 </subfield>
    <subfield code="b">.S34 2014 </subfield>
  </datafield>
  <datafield tag="245" ind1=" " ind2=" ">
    <subfield code="a">Sherris Medical Microbiology</subfield>
    <subfield code="c">Edited by Kenneth J. Ryan &amp; C. George Ray</subfield>
  </datafield>
  <datafield tag="250" ind1=" " ind2=" ">
    <subfield code="a">6th ed.</subfield>
    <subfield code="b">International edition </subfield>
  </datafield>
  <datafield tag="260" ind1=" " ind2=" ">
    <subfield code="a">New York</subfield>
    <subfield code="b">McGrawHill</subfield>
    <subfield code="c">2014</subfield>
  </datafield>
  <datafield tag="300" ind1=" " ind2=" ">
    <subfield code="a">x, 994p.</subfield>
  </datafield>
  <datafield tag="650" ind1=" " ind2=" ">
    <subfield code="a">Communicable diseases </subfield>
  </datafield>
  <datafield tag="650" ind1=" " ind2=" ">
    <subfield code="a">Microbiology</subfield>
  </datafield>
  <datafield tag="942" ind1=" " ind2=" ">
    <subfield code="2">lcc</subfield>
    <subfield code="c">BK</subfield>
  </datafield>
  <datafield tag="999" ind1=" " ind2=" ">
    <subfield code="c">18888</subfield>
    <subfield code="d">18888</subfield>
  </datafield>
  <datafield tag="952" ind1=" " ind2=" ">
    <subfield code="0">0</subfield>
    <subfield code="1">0</subfield>
    <subfield code="2">lcc</subfield>
    <subfield code="7">0</subfield>
    <subfield code="a">KABU</subfield>
    <subfield code="b">KABU</subfield>
    <subfield code="d">2021-04-15</subfield>
    <subfield code="g">5515.00</subfield>
    <subfield code="l">8</subfield>
    <subfield code="m">1</subfield>
    <subfield code="o">QR46  .S34 2014 c.1</subfield>
    <subfield code="p">032784</subfield>
    <subfield code="q">2026-05-05</subfield>
    <subfield code="r">2026-04-07 18:13:50</subfield>
    <subfield code="s">2026-04-07</subfield>
    <subfield code="w">2021-04-15</subfield>
    <subfield code="y">BK</subfield>
  </datafield>
  <datafield tag="952" ind1=" " ind2=" ">
    <subfield code="0">0</subfield>
    <subfield code="1">0</subfield>
    <subfield code="2">lcc</subfield>
    <subfield code="7">0</subfield>
    <subfield code="a">KABU</subfield>
    <subfield code="b">KABU</subfield>
    <subfield code="d">2021-04-15</subfield>
    <subfield code="g">5515.00</subfield>
    <subfield code="l">6</subfield>
    <subfield code="m">1</subfield>
    <subfield code="o">QR46  .S34 2014 c.2</subfield>
    <subfield code="p">032785</subfield>
    <subfield code="q">2025-03-12</subfield>
    <subfield code="r">2025-02-24 15:59:20</subfield>
    <subfield code="s">2025-02-24</subfield>
    <subfield code="w">2021-04-15</subfield>
    <subfield code="y">BK</subfield>
  </datafield>
  <datafield tag="952" ind1=" " ind2=" ">
    <subfield code="0">0</subfield>
    <subfield code="1">0</subfield>
    <subfield code="2">lcc</subfield>
    <subfield code="7">0</subfield>
    <subfield code="a">KABU</subfield>
    <subfield code="b">KABU</subfield>
    <subfield code="d">2021-04-15</subfield>
    <subfield code="g">5515.00</subfield>
    <subfield code="l">14</subfield>
    <subfield code="m">2</subfield>
    <subfield code="o">QR46  .S34 2014 c.3</subfield>
    <subfield code="p">032786</subfield>
    <subfield code="r">2026-05-26 21:51:15</subfield>
    <subfield code="s">2026-05-15</subfield>
    <subfield code="w">2021-04-15</subfield>
    <subfield code="y">BK</subfield>
  </datafield>
  <datafield tag="952" ind1=" " ind2=" ">
    <subfield code="0">0</subfield>
    <subfield code="1">0</subfield>
    <subfield code="2">lcc</subfield>
    <subfield code="7">0</subfield>
    <subfield code="a">KABU</subfield>
    <subfield code="b">KABU</subfield>
    <subfield code="d">2021-04-15</subfield>
    <subfield code="g">5515.00</subfield>
    <subfield code="l">6</subfield>
    <subfield code="m">1</subfield>
    <subfield code="o">QR46  .S34 2014 c.4</subfield>
    <subfield code="p">032787</subfield>
    <subfield code="r">2022-07-29 00:00:00</subfield>
    <subfield code="s">2022-07-23</subfield>
    <subfield code="w">2021-04-15</subfield>
    <subfield code="y">BK</subfield>
  </datafield>
  <datafield tag="952" ind1=" " ind2=" ">
    <subfield code="0">0</subfield>
    <subfield code="1">0</subfield>
    <subfield code="2">lcc</subfield>
    <subfield code="7">0</subfield>
    <subfield code="a">KABU</subfield>
    <subfield code="b">KABU</subfield>
    <subfield code="d">2021-04-15</subfield>
    <subfield code="g">5515.00</subfield>
    <subfield code="l">12</subfield>
    <subfield code="m">1</subfield>
    <subfield code="o">QR46  .S34 2014 c.5</subfield>
    <subfield code="p">032788</subfield>
    <subfield code="r">2025-08-02 12:55:30</subfield>
    <subfield code="s">2025-07-19</subfield>
    <subfield code="w">2021-04-15</subfield>
    <subfield code="y">BK</subfield>
  </datafield>
  <datafield tag="952" ind1=" " ind2=" ">
    <subfield code="0">0</subfield>
    <subfield code="1">0</subfield>
    <subfield code="2">lcc</subfield>
    <subfield code="7">0</subfield>
    <subfield code="a">KABU</subfield>
    <subfield code="b">KABU</subfield>
    <subfield code="d">2021-04-15</subfield>
    <subfield code="g">5515.00</subfield>
    <subfield code="l">9</subfield>
    <subfield code="o">QR46  .S34 2014 c.6</subfield>
    <subfield code="p">34007</subfield>
    <subfield code="r">2024-10-07 09:56:33</subfield>
    <subfield code="s">2024-09-27</subfield>
    <subfield code="w">2021-04-15</subfield>
    <subfield code="y">BK</subfield>
  </datafield>
  <datafield tag="952" ind1=" " ind2=" ">
    <subfield code="0">0</subfield>
    <subfield code="1">0</subfield>
    <subfield code="2">lcc</subfield>
    <subfield code="7">0</subfield>
    <subfield code="a">KABU</subfield>
    <subfield code="b">KABU</subfield>
    <subfield code="d">2021-04-15</subfield>
    <subfield code="g">5515.00</subfield>
    <subfield code="l">13</subfield>
    <subfield code="m">1</subfield>
    <subfield code="o">QR46  .S34 2014 c.7</subfield>
    <subfield code="p">032790</subfield>
    <subfield code="r">2025-05-29 16:38:36</subfield>
    <subfield code="s">2025-05-29</subfield>
    <subfield code="w">2021-04-15</subfield>
    <subfield code="y">BK</subfield>
  </datafield>
  <datafield tag="952" ind1=" " ind2=" ">
    <subfield code="0">0</subfield>
    <subfield code="1">0</subfield>
    <subfield code="2">lcc</subfield>
    <subfield code="7">0</subfield>
    <subfield code="a">KABU</subfield>
    <subfield code="b">KABU</subfield>
    <subfield code="d">2021-04-15</subfield>
    <subfield code="g">5515.00</subfield>
    <subfield code="l">4</subfield>
    <subfield code="o">QR46  .S34 2014 c.8</subfield>
    <subfield code="p">032791</subfield>
    <subfield code="r">2024-08-22 11:31:09</subfield>
    <subfield code="s">2024-08-12</subfield>
    <subfield code="w">2021-04-15</subfield>
    <subfield code="y">BK</subfield>
  </datafield>
  <datafield tag="952" ind1=" " ind2=" ">
    <subfield code="0">0</subfield>
    <subfield code="1">0</subfield>
    <subfield code="2">lcc</subfield>
    <subfield code="7">0</subfield>
    <subfield code="a">KABU</subfield>
    <subfield code="b">KABU</subfield>
    <subfield code="d">2021-04-15</subfield>
    <subfield code="g">5515.00</subfield>
    <subfield code="l">7</subfield>
    <subfield code="m">1</subfield>
    <subfield code="o">QR46  .S34 2014 c.9</subfield>
    <subfield code="p">032792</subfield>
    <subfield code="r">2024-06-11 13:15:47</subfield>
    <subfield code="s">2024-06-11</subfield>
    <subfield code="w">2021-04-15</subfield>
    <subfield code="y">BK</subfield>
  </datafield>
  <datafield tag="952" ind1=" " ind2=" ">
    <subfield code="0">0</subfield>
    <subfield code="1">0</subfield>
    <subfield code="2">lcc</subfield>
    <subfield code="7">0</subfield>
    <subfield code="a">KABU</subfield>
    <subfield code="b">KABU</subfield>
    <subfield code="d">2021-04-15</subfield>
    <subfield code="g">5515.00</subfield>
    <subfield code="l">12</subfield>
    <subfield code="o">QR46  .S34 2014 c.10</subfield>
    <subfield code="p">032793</subfield>
    <subfield code="r">2025-06-30 15:46:10</subfield>
    <subfield code="s">2025-06-24</subfield>
    <subfield code="w">2021-04-15</subfield>
    <subfield code="y">BK</subfield>
  </datafield>
</record>
